|
|
|
|
| LEADER |
00000nab a2200000 a 4500 |
| 001 |
vtls008962294 |
| 003 |
SK-MaSNL |
| 005 |
20260303070721.0 |
| 008 |
171110 2007 xo w n 000 0 slo |
| 015 |
|
|
|a SLLK2007
|2 sllk
|
| 038 |
|
|
|a SLLK
|
| 040 |
|
|
|a SLLK
|b slo
|c sllk
|e AACR2
|
| 041 |
0 |
|
|a slo
|
| 044 |
|
|
|a xo
|c SK
|
| 080 |
|
|
|a 796.332
|2 1997
|
| 245 |
0 |
0 |
|a Líder dostal príučku od Kubínčanov
|b komentár z futbalových ihrísk
|c Text a foto (bk)
|
| 300 |
|
|
|b Fotogr., tab.
|
| 610 |
2 |
7 |
|a Mestský futbalový klub Stará Ľubovňa
|2 snkbucl
|9 1031864
|
| 648 |
|
7 |
|a 2007
|2 snkbucl
|9 313226
|
| 650 |
0 |
7 |
|a šport
|2 snkbucl
|9 1042
|
| 650 |
0 |
7 |
|a futbal
|x 2. liga Východ
|x muži
|y sezóna 2006/2007
|2 snkbucl
|9 1032832
|
| 651 |
|
7 |
|a Stará Ľubovňa (Slovensko)
|2 snkbucl
|9 19193
|
| 651 |
|
7 |
|a Dolný Kubín (Slovensko)
|2 snkbucl
|9 168992
|
| 773 |
0 |
|
|t Ľubovnianske noviny
|g Roč. XXXIII, č. 13 (2007), s. 6
|
| 852 |
|
|
|a SLLK
|b KIS3GCP
|
| 999 |
|
|
|c 1756630
|d 1758560
|